| 000 | 00635nam a2200145Ia 4500 | ||
|---|---|---|---|
| 008 | 100122s9999 xx 000 0 und d | ||
| 082 |
_b14163 _a923.254 |
||
| 100 | _aकेतकर ग वि | ||
| 245 | _aरणझुंजार डॉ.पां.स.खानखोजे यांचे चरित्र | ||
| 260 |
_bकाळ प्रकाशन _c1966 |
||
| 300 | _a94 | ||
| 630 | _aरणझुंजार डॉ.पां.स.खानखोजे यांचे चरित्र | ||
| 730 | _aरणझुंजार डॉ.पां.स.खानखोजे यांचे चरित्र | ||
| 942 | _cBOOK | ||
| 999 |
_c404754 _d404751 |
||